000 01759nam2a2200289 4500
001 RU\NLR\BIBL_A\012088519
005 20191017112417.0
010 _a978-5-533-00904-1
_bч. 1
021 _aRU
_bКН-П-23-013856
_9КН-П-23-1368
021 _aRU
_bКН-П-20-028907
_9КН-П-20-2226
021 _aRU
_bКН-П-22-042037
_9КН-П-22-3633
021 _aRU
_bКН-П-19-057980
_9КН-П-19-4156
021 _aRU
_bКН-П-21-010785
_9КН-П-21-0868
035 _a(NLR Aleph) 012088519
035 _a(RuMoRGB)010059706
090 _a11842189
_c11842189
100 _a20190906d2019 d y0rusy50 ca
101 0 _arus
102 _aRU
105 _aach|j|||000zy
200 0 _aЧ. 1
215 _a447 с., [4] л. цв. ил., портр.
_cил., портр., факс.
461 0 _1001RU\NLR\BIBL_A\012088517
_12001#$aЛитература$eучебник для 7 класса общеобразовательных организаций$eсоответствует Федеральному государственному образовательному стандарту$eв двух частях$fГ.С. Меркин$vЧ. 1
_1700#1$aМеркин$bГ. С.$f1940-$gГеннадий Самуйлович$3RU\NLR\AUTH\7755590
_911842181
_aМеркин, Г. С. (1940-)
_cМосква
_d2019
_e7-е изд.
_fГ.С. Меркин
_nРусское слово
_oучебник для 7 класса общеобразовательных организаций : соответствует Федеральному государственному образовательному стандарту : в двух частях
_tЛитература
_y9785533009065
_vЧ. 1
942 _cBOOK
980 _aNB